000 00479nam a2200157 i 4500
001 40418
003 ES-MaACL
005 20230906160221.0
007 t|
008 030306s1921 be ||||1| fre d
100 1 _aCarnoy, Albert.
_935391
245 1 4 _aLes indo-europeens
_b: prehistoire des langues des moeurs et des croyances de l'Europe /
_cpar Albert Carnoy.
260 _aBruxelles :
_bVromant et Cie.,
_c1921.
300 _a256 p. ;
_c19 cm.
852 _aES-MaACL
_jF-12101
999 _c40418
_d40418